000 01579nam a22003137a 4500
005 20121220103630.0
008 121220t xxu||||| |||| 00| 0 eng d
010 _aENG-106513
020 _a9788121211604
_c900.00
035 _aEN-90046
037 _bDBAD/PUB
040 _aDPL
_bEng
082 0 4 _a304.80954
_223
245 0 0 _aDisplacement and rehabilitation :
_bsolutions for the future /
_cedited by Nihar Ranjan Mishra [and] Kamal K. Misra
260 _aBhopal
_bIndira Gandhi Rashtriya Manav Sangrahalaya
_aNew Delhi
_bGyan Publishing House
_c2012
270 _a23, Main Ansari Road, Daryaganj
_bNew Delhi
_e110002
300 _a457p.
_c23cm(Hb)
500 _aIncludes bibliographical references and index.
505 0 _aSection 1. Issues on displacement and livelihood -- section 2. Rehabilitation policy and implementation issues and peoples' responses.
520 _aPapers presented at an international conference held at Rourkela during 13-14 November 2010.
650 0 _aForced migration
_zIndia
_vCongresses.
_954452
650 0 _aInternally displaced persons
_xRehabilitation
_zIndia
_vCongresses.
_954453
700 1 _aMishra, Nihar Ranjan
_954454
700 1 _aMisra, K. K.
_q(Kamal Kant),
_d1954-
_954455
710 2 _aIndirā Gāndhī Rāshṭrīya Mānava Saṅgrahālaya.
_954456
942 _2ddc
_cEN
_h304.80954
_mDIS
999 _c72320
_d72320